书目信息 |
| 题名: |
法理学练习题集
|
|
| 作者: | 朱景文 主编 | |
| 分册: | ||
| 出版信息: | 北京 中国人民大学出版社 2006.04 |
|
| 页数: | 286页 | |
| 开本: | 26cm | |
| 丛书名: | 21世纪法学系列教材配套辅导用书 | |
| 单 册: | ||
| 中图分类: | D90-44 | |
| 科图分类: | ||
| 主题词: | 法理学--fa li xue--高等学校--习题 | |
| 电子资源: | ||
| ISBN: | 7-300-07102-3 | |
| 000 | 00948nam 2200241 450 | |
| 001 | 012007765906 | |
| 005 | 20070926170245.90 | |
| 010 | @a7-300-07102-3@dCNY25.00 | |
| 100 | @a20070710d2006 km y0chiy0120 ea | |
| 101 | 0 | @achi |
| 102 | @aCN@b110000 | |
| 105 | @ay q 000yy | |
| 200 | 1 | @a法理学练习题集@Afa li xue lian xi ti ji@f朱景文主编@Fzhu jing wen zhu bian |
| 210 | @a北京@c中国人民大学出版社@d2006.04 | |
| 215 | @a286页@d26cm | |
| 225 | 2 | @a21世纪法学系列教材配套辅导用书@A21 shi ji fa xue xi lie jiao cai pei tao fu dao yong shu |
| 330 | @a本书设计了各种题型的自测题,突出了重点,提供了详细精辟的答案分析,还专门设计了三套综合测试题。内容涉及社会调整与法的产生、法的概念和本质、法的作用和价值、社会主义法与经济等方面。 | |
| 410 | 0 | @12001 @a21世纪法学系列教材配套辅导用书 |
| 606 | 0 | @a法理学@Afa li xue@x高等学校@j习题 |
| 690 | @aD90-44@v4 | |
| 701 | 0 | @a朱景文@Azhu jing wen@4主编 |
| 801 | 0 | @aCN@c20070926 |
| 905 | @dD90-44@eZ857 | |
| 法理学练习题集/朱景文主编.-北京:中国人民大学出版社,2006.04 |
| 286页;26cm.-(21世纪法学系列教材配套辅导用书) |
| ISBN 7-300-07102-3:CNY25.00 |
| 本书设计了各种题型的自测题,突出了重点,提供了详细精辟的答案分析,还专门设计了三套综合测试题。内容涉及社会调整与法的产生、法的概念和本质、法的作用和价值、社会主义法与经济等方面。 |
| ● |
| 相关链接 |
|
|
|
正题名:法理学练习题集
索取号:D90-44/Z857
 
预约/预借
| 序号 | 登录号 | 条形码 | 馆藏地/架位号 | 状态 | 备注 |
| 1 | 244723 | 202447236 | 社科库509/509社科库 80排4列3层/ [索取号:D90-44/Z857] | 在馆 | |
| 2 | 244724 | 202447245 | 社科库509/509社科库 80排4列3层/ [索取号:D90-44/Z857] | 在馆 |